| 000 | 00476nam a2200193Ia 4500 | ||
|---|---|---|---|
| 003 | GCL | ||
| 008 | 140319s9999 xx 000 0 eng d | ||
| 040 |
_aGCL / _cGCL |
||
| 082 | 0 | 4 |
_a759 _bL G |
| 100 | 1 | _aLASSAIGNE, JACQUES | |
| 245 | 1 | 0 |
_aGITTO / _cLASSAIGNE, JACQUES |
| 260 |
_a[S.N] : _bEDITIONS DE VERGEURES ، _c1981 |
||
| 300 | _a56 PP | ||
| 490 |
_aL'ECOLE DES GRANDS PEINTRES _v0 |
||
| 650 | 0 | 4 | _aGITTO |
| 650 | 0 | 4 | _aARTS |
| 650 | 0 | 4 | _aPAINTING |
| 942 |
_2ddc _cBK |
||
| 999 |
_c20328 _d20328 |
||